000 00340nam a2200133 i 4500
001 bg
100 1 _aPIEPRZNIK, Stanisław.
245 0 _aMetalurgia i odlewnictwo staliwa.
_nCz. 1 /
_cStanisław Pieprznik.
260 _aCzęstochowa,
_c1974.
040 _cBPK
041 _apol
942 _cKS
008 s pl f |000 0 pol
999 _c26114
_d26114
856 _uhttp://koha.tu.koszalin.pl/cgi-bin/koha/opac-detail.pl?biblionumber=26114
_yKatalog online BPK